000
002690000a22000970004500
100
1
_a
Álvares A., Maria Dolores
245
1
0
_a
Identidad cultural nicaragüense y globalización
300
_a
Núm 7 (1996), Páginas 85-88
773
0
_t
Mision evangélica hoy
942
_c
ANA
999
_c
51865
_d
51865